00305nam a2200121Ia 4500008004100000041000800041082001600049100002100065245002600086260002800112300003200140365001100172240624s9999 xx 000 0 und d aeng a332.042 SRI aSRIVASTAVA RAJIV aINTERNATIONAL FINANCE c2014aNew DelhibOxford axvii, : 736 : p. : cm. ; 26 cRSb31